00673 2200217 4500001002100000005001500021035002000036245010500056100001800161250002400179300005500203856002200258700003000280260004400310082000800354084001400362020001800376650001000394008004100404990001000445INLIS00000000114838720260520022818 a0010-05260000641 aPRINCESS 16 :bBuku Komik Elex Media Komputindo /cPenulis; Seung Won HAN, Alih Bahasa; Ivana Tamrin0 aSeung Won HAN aCetakan keenambelas a220 halaman :bIlustrasi ;c11.3 x 17.2 cmeKertas aPerpustakaan Umum0 aAlih Bahasa; Ivana Tamrin aJakarta :bElex Media Komputindo,c2003 a813 a813 SEU p a979-20-4546-5 4aKomik260520 0  a//002